000
00354nam a2200145 a 4500
001
0599
005
20140414131924.0
008
040201s19uu xx 00 eng d
050
_a
ER
_b
W56 1977
100
_a
Watson, Jane
245
_a
Where Jesus lived /
_c
Jane Watson.
260
_a
U.S.A :
_b
Golden,
_c
1977.
300
_a
p. ; cm.
999
_c
111933
_d
111933